日本の市(関東地方) - Statistics

General Stats
  • This quiz has been taken 57 times
  • The average score is 125 of 180
Answer Stats
Hint Answer % Correct
神奈川県 横浜市 3,777,491
100%
神奈川県 川崎市 1,538,262
100%
埼玉県 さいたま市 1,324,025
97%
千葉県 千葉市 974,951
97%
神奈川県 相模原市 725,493
97%
千葉県 船橋市 642,907
97%
東京都 八王子市 579,355
97%
栃木県 宇都宮市 518,757
97%
茨城県 水戸市 270,685
97%
埼玉県 川口市 594,274
94%
神奈川県 藤沢市 436,905
94%
千葉県 柏市 426,468
94%
群馬県 高崎市 372,973
94%
埼玉県 川越市 354,571
94%
群馬県 前橋市 332,149
94%
千葉県 松戸市 498,232
91%
神奈川県 横須賀市 388,078
91%
神奈川県 茅ヶ崎市 242,389
91%
東京都 三鷹市 195,391
91%
神奈川県 小田原市 188,856
91%
東京都 武蔵野市 150,149
91%
千葉県 市川市 496,676
89%
東京都 町田市 431,079
89%
東京都 立川市 183,581
89%
神奈川県 鎌倉市 172,710
89%
神奈川県 平塚市 258,422
86%
東京都 調布市 242,614
86%
茨城県 つくば市 241,656
86%
神奈川県 厚木市 223,705
86%
群馬県 伊勢崎市 211,850
86%
埼玉県 熊谷市 194,415
86%
神奈川県 海老名市 136,516
86%
千葉県 成田市 132,906
86%
埼玉県 所沢市 342,464
83%
千葉県 市原市 269,524
83%
東京都 府中市 262,790
83%
神奈川県 大和市 239,169
83%
埼玉県 春日部市 229,792
83%
群馬県 太田市 223,014
83%
栃木県 小山市 166,666
83%
茨城県 土浦市 142,074
83%
東京都 国分寺市 129,242
83%
栃木県 那須塩原市 115,210
83%
埼玉県 秩父市 59,674
83%
埼玉県 越谷市 341,621
80%
埼玉県 草加市 248,304
80%
東京都 西東京市 207,388
80%
茨城県 日立市 174,508
80%
千葉県 浦安市 171,362
80%
栃木県 栃木市 155,549
80%
埼玉県 久喜市 150,582
80%
東京都 多摩市 146,951
80%
茨城県 古河市 139,344
80%
千葉県 木更津市 136,166
80%
千葉県 銚子市 58,431
80%
千葉県 館山市 45,153
80%
埼玉県 上尾市 226,940
77%
東京都 日野市 190,435
77%
千葉県 習志野市 176,197
77%
茨城県 ひたちなか市 156,581
77%
千葉県 我孫子市 130,510
77%
栃木県 日光市 77,661
77%
神奈川県 逗子市 57,060
77%
神奈川県 三浦市 42,069
77%
千葉県 流山市 199,849
74%
東京都 東村山市 151,815
74%
栃木県 足利市 144,746
74%
東京都 青梅市 133,535
74%
群馬県 桐生市 106,445
74%
神奈川県 綾瀬市 83,913
74%
千葉県 佐倉市 168,743
71%
埼玉県 新座市 166,017
71%
千葉県 野田市 152,638
71%
神奈川県 座間市 132,325
71%
東京都 東久留米市 115,271
71%
茨城県 取手市 104,524
71%
埼玉県 八潮市 93,363
71%
千葉県 君津市 82,206
71%
東京都 国立市 77,130
71%
東京都 武蔵村山市 71,229
71%
茨城県 鹿嶋市 66,950
71%
東京都 小平市 198,739
69%
埼玉県 戸田市 140,899
69%
埼玉県 鴻巣市 116,828
69%
栃木県 佐野市 116,228
69%
東京都 昭島市 113,949
69%
埼玉県 蕨市 74,283
69%
千葉県 旭市 63,745
69%
茨城県 北茨城市 41,801
69%
千葉県 鴨川市 32,116
69%
千葉県 八千代市 199,498
66%
埼玉県 入間市 145,651
66%
埼玉県 三郷市 142,145
66%
埼玉県 深谷市 141,268
66%
埼玉県 朝霞市 141,083
66%
東京都 小金井市 126,074
66%
千葉県 印西市 102,609
66%
神奈川県 伊勢原市 101,780
66%
東京都 狛江市 84,772
66%
群馬県 館林市 75,309
66%
茨城県 つくばみらい市 49,872
66%
群馬県 みどり市 49,648
66%
栃木県 さくら市 44,513
66%
神奈川県 南足柄市 40,841
66%
茨城県 かすみがうら市 40,087
66%
栃木県 那須烏山市 24,875
66%
千葉県 勝浦市 16,927
66%
神奈川県 秦野市 162,439
63%
埼玉県 ふじみ野市 113,597
63%
埼玉県 東松山市 91,791
63%
埼玉県 和光市 83,989
63%
埼玉県 飯能市 80,361
63%
東京都 あきる野市 79,292
63%
埼玉県 行田市 78,617
63%
千葉県 香取市 72,356
63%
栃木県 下野市 59,507
63%
群馬県 安中市 54,907
63%
千葉県 大網白里市 48,129
63%
千葉県 鎌ケ谷市 109,932
60%
栃木県 鹿沼市 94,033
60%
茨城県 牛久市 84,651
60%
埼玉県 本庄市 78,569
60%
群馬県 渋川市 74,581
60%
茨城県 石岡市 73,061
60%
千葉県 八街市 67,455
60%
東京都 福生市 56,414
60%
埼玉県 白岡市 52,214
60%
茨城県 常陸太田市 48,602
60%
群馬県 富岡市 47,446
60%
群馬県 沼田市 45,337
60%
千葉県 南房総市 35,831
60%
埼玉県 富士見市 111,859
57%
千葉県 四街道市 93,576
57%
東京都 稲城市 93,151
57%
東京都 東大和市 83,901
57%
茨城県 龍ケ崎市 76,420
57%
東京都 清瀬市 76,208
57%
埼玉県 吉川市 71,979
57%
茨城県 守谷市 68,421
57%
埼玉県 北本市 65,201
57%
千葉県 袖ケ浦市 63,883
57%
千葉県 白井市 62,441
57%
埼玉県 蓮田市 61,499
57%
茨城県 常総市 60,834
57%
茨城県 鉾田市 45,953
57%
千葉県 富津市 42,465
57%
茨城県 常陸大宮市 39,267
57%
埼玉県 狭山市 148,699
54%
茨城県 筑西市 100,753
54%
茨城県 神栖市 95,454
54%
埼玉県 志木市 75,346
54%
埼玉県 桶川市 74,748
54%
埼玉県 鶴ヶ島市 70,117
54%
群馬県 藤岡市 63,261
54%
東京都 羽村市 54,326
54%
茨城県 結城市 50,645
54%
千葉県 いすみ市 35,544
54%
埼玉県 坂戸市 100,275
51%
千葉県 茂原市 86,782
51%
茨城県 笠間市 73,173
51%
千葉県 東金市 58,219
51%
埼玉県 日高市 54,571
51%
埼玉県 羽生市 52,862
51%
千葉県 匝瑳市 35,040
51%
栃木県 矢板市 31,165
51%
茨城県 高萩市 27,699
51%
茨城県 潮来市 27,604
51%
栃木県 大田原市 72,087
49%
埼玉県 幸手市 50,066
49%
茨城県 小美玉市 48,870
49%
千葉県 山武市 48,444
49%
栃木県 真岡市 78,190
46%
茨城県 下妻市 42,521
46%
埼玉県 加須市 111,623
43%
茨城県 坂東市 52,265
43%
千葉県 富里市 49,735
43%
茨城県 那珂市 53,502
40%
茨城県 桜川市 39,122
40%
茨城県 稲敷市 39,039
40%
茨城県 行方市 32,185
40%
No matching quizzes found
Score Distribution
Percent of People with Each Score
Percentile by Number Answered
Your Score History
You have not taken this quiz